000 00831nmm a2200265 a 4500
001 ocm000906583
003 TR-IsHL
005 20201028144900.0
008 141121s2011 tu tur
007 cr cn
020 _a9786054478057
035 _a906583
_b(N$T)
050 0 4 _aPL248.A945
_bD87 2011
090 0 4 _aPL248.A945
_bD87 2011
100 1 _aAydın, Dila Emral
245 1 0 _aDüş kırıkları
_h[electronic resource] /
_cDila Emral Aydın
260 _aİstanbul :
_bKanes Yayınları,
_c2011
300 _a209 p.
650 4 _aDil ve Edebiyat
650 4 _aLanguage and Literature
650 0 _aTürk romanı
650 0 _aTurkish fiction
650 7 _aLITERARY COLLECTIONS / Middle Eastern
_2bisacsh
856 4 0 _uhttp://search.ebscohost.com/login.aspx?direct=true&scope=site&db=e011xww&AN=906583
999 _c9664
_d9664